Statistics for Skillet Songs

Click here to take the quiz!

General Stats

  • This quiz has been taken 26 times
  • The average score is 12 of 15

Answer Stats

QuestionAnswer% Correct
It's scratching on the walls, in the closet, in the halls It comes awake and I can't control it Hiding under the bed, in my body, in my head Why won't somebody come and save me from this, make it end?Monster
100%
Nations rage, wars and plagues Lords of chaos are set in place Raising up kingdoms, small and great Gonna make 'em all bow, power on display Your idols will be consumed with fire, fireWhite Horse
100%
It's just another war Just another family torn (Falling from my faith today) Just a step from the edge Just another day in the world we liveHero
95%
All I see is shattered pieces I can't keep it hidden like a secret I can't look away From all this pain in a world we made Everyday you need A bulletproof vest To save yourself from what you could never guess! Am I safe today? When I step outside in the wars we wage!Rise
91%
I don't wanna live, I don't wanna breathe 'Less I feel you next to me You take the pain I feel Waking up to you never felt so realComatose
86%
which song is by skillet?The Resistance
86%
I'm at war with the world and they Try to pull me into the dark I struggle to find my faith As I'm slippin' from your armsAwake and Alive
82%
which song is by skillet?Breaking Free
82%
I see the clouds around me start to darken Like searchin' eyes of serpents always watchin' Tell me I'm still breathin' (breathin') Tell me there's still feelin' (feelin') Resistance makes me stronger It makes me strongerStanding in the Storm
82%
The demons come when I'm all alone Sometimes I can't tell Hell from home I'm falling Sinking deeper in misery When you're away from meBeyond Incredible
77%
You were my source of strength I've traded everything That I love for this one thing Stranded in the offering Don't leave me here like this Can't hear me scream from the abyss And now I wish for you, my desireFalling Inside the Black
68%
Today we live, today we breathe Today we know that we are strong when we are weak Today we trust, we overcome Take every chain that kept us slaves and throw em' offLions
68%
You spoke a word and life began Told oceans where to start and where to end You set in motion time and space But still You come and You call to me by name But still You come and You call to me by nameStars
68%
which song is by skillet?Undefeated
68%
When I open my eyes, I can't believe it How the world can look so different than we were dreamin' It's gettin' harder to say I'm undefeated When the best my heart can hope for is breakin' evenRefuge
64%

Score Distribution

Percentile by Number Answered

Percent of People with Each Score

Your Score History

You have not taken this quiz